| 000 | 00492nam a2200181Ia 4500 | ||
|---|---|---|---|
| 999 |
_c15052 _d15052 |
||
| 003 | OSt | ||
| 005 | 20201113134448.0 | ||
| 008 | 190216s9999||||xx |||||||||||||| ||und|| | ||
| 040 | _coclc | ||
| 082 |
_a425 _bJER/E |
||
| 100 |
_aJerome, S _96435 |
||
| 245 | 0 |
_aEnglish Fluency Course / _cJerome S |
|
| 250 | _a1st Ed. | ||
| 260 |
_bSancta Maria Books, _c2002, _aKollam: |
||
| 300 | _a203p | ||
| 650 | _aEnglish Grammar | ||
| 942 |
_cBK _2ddc _h4252 _iJER/E _k4252 _mJER/E |
||